Tennis Féminin : Podium olympique depuis 1988 - Statistiques

Statistiques générales
  • Ce quiz a été pris 43 fois
  • Le résultat moyen est 19 sur 32
Statistiques - réponses
Année Métal Joueuse % Correct
2024 Bronze Świątek
96%
2012 Or Serena Williams
92%
2000 Or Venus Williams
92%
2012 Argent Sharapova
88%
2004 Or Henin
85%
2004 Argent Mauresmo
85%
1988 Or Graf
81%
1992 Argent Graf
81%
2016 Argent Kerber
81%
2000 Bronze Seles
81%
1992 Bronze Sánchez
77%
1996 Argent Sánchez
77%
1996 Or Davenport
69%
2016 Or Puig
69%
2020 Or Bencic
62%
2008 Argent Safina
62%
2020 Argent Vondroušová
62%
2024 Or Zheng
62%
2012 Bronze Azarenka
58%
1992 Or Capriati
58%
2024 Argent Vekić
58%
2020 Bronze Svitolina
54%
1988 Argent Sabatini
50%
2000 Argent Dementieva
46%
2008 Or Dementieva
46%
2016 Bronze Kvitová
46%
1992 Bronze Fernández
31%
1996 Bronze Novotná
27%
2008 Bronze Zvonareva
27%
2004 Bronze Molik
23%
1988 Bronze Garrison
4%
1988 Bronze Maleeva
0%
Aucun quiz correspondant
Distribution des résultats
% des personnes avec chaque résultat
Percentile par nombre de réponses
Votre historique - résultats
Vous n’avez pas pris ce quiz